| 000 | 00712cam a2200253 4500 | ||
|---|---|---|---|
| 001 | ABS63544 | ||
| 008 | 000000n2001 000 0 eng u | ||
| 035 | _a(Sirsi) u110984 | ||
| 245 | _aCity, city fringe and Docklands | ||
| 260 | _c2001 | ||
| 490 |
_aProperty Week _v66(6) 9 February 2001, 77-88(6) |
||
| 590 | _aABS | ||
| 650 | _aDOCKLANDS | ||
| 650 | _aCITY OF LONDON | ||
| 650 | _aLONDON | ||
| 650 | _aCITY FRINGE | ||
| 650 | _aPROPERTY-COMMERCIAL PROPERTY-OFFICE PROPERTY-OFFICE PROPERTY MARKET | ||
| 650 | _aHOUSE PRICES | ||
| 650 | _aBETHNAL GREEN | ||
| 650 | _aTOWER HAMLETS | ||
| 650 | _aCLERKENWELL | ||
| 690 | _aPROPERTY-COMMERCIAL PROPERTY-COMMERCIAL PROPERTY MARKET | ||
| 942 | _n0 | ||
| 999 |
_c66147 _d66147 |
||